ロード中...
Nikolai Chausasku /
| 第一著者: | |
|---|---|
| フォーマット: | Printed Book |
| 言語: | Sanskrit |
| 出版事項: |
Calcutta :
Bharathi Tamil Sangam ,
1978.
|
| LEADER | 00425nam a2200133Ia 4500 | ||
|---|---|---|---|
| 008 | 150624b xxu||||| |||| 00| | san d | ||
| 100 | |a Trivedi, Ramnaresh | ||
| 245 | |c Ramnaresh Trivedi |a Nikolai Chausasku / | ||
| 260 | |a Calcutta : |b Bharathi Tamil Sangam , |c 1978. | ||
| 300 | |a 170 p. | ||
| 546 | |a In Sanskrit. | ||
| 942 | |c BK | ||
| 999 | |c 95448 |d 95448 | ||
| 952 | |0 1 |1 0 |4 0 |7 0 |9 95387 |a UL |b UL |c ST1 |d 1998-09-15 |l 0 |p 32813 |r 2012-10-27 |w 2012-10-27 |y BK | ||